Statistics for Foods that Start with H

Click here to take the quiz!

General Stats

  • This quiz has been taken 61,804 times
    (10,618 since last reset)
  • The average score is 9 of 15

Answer Stats

Answer % Correct
Honey
100%
Ham
99%
Hot Dog
99%
{Hazel}nut
90%
Hummus
88%
Haggis
76%
Hollandaise
66%
Honeydew
64%
Habanero
58%
{Huckle}berry
46%
Horseradish
43%
Halibut
41%
Hot and Sour Soup
28%
Hardtack
25%
Hominy
13%

Score Distribution

Percentile by Number Answered

Percent of People with Each Score

Your Score History

You have not taken this quiz since the last reset